000 00993nam a2200277Ia 4500
003 OSt
005 20220930080812.0
006 a|||||r|||| 00| 0
007 ta
008 220926b |||||||| |||| 00| 0 eng d
024 _a95044
037 _cTheses
040 _aCRL
_cCRL
_beng
041 _2eng
_aeng
100 _aGupta Amit
_9533954
110 _aUniversity of Delhi. Faculty of Medical Sciences. Department of Radiodiagnosis
_9519344
245 0 _aRole of multi - slice spiral computed tomography in management of patients with blunt abdominal trauma
260 _c2007
650 _aDIAGNOSIS
_9519345
700 _a Dr. B. K. Jain Gu.
_9539911
700 _a Dr. Vinita Rathi Gu.
_9539912
700 _a Prof. Satish K. Bhargava Gu.
700 _aUniversity of Delhi. Faculty of Medical Sciences. Department of Radiodiagnosis
_9519347
942 _cDIS
_2CC
999 _c870459
_d870459